| 000 | 00588nam a22002057a 4500 | ||
|---|---|---|---|
| 003 | OSt | ||
| 005 | 20140310182847.0 | ||
| 008 | 130613t xxu||||| |||| 00| 0 eng d | ||
| 020 | _a060058674 | ||
| 050 |
_aTT 490 _b.F199 1995 |
||
| 082 |
_aM 391.3 _bF21 1995 |
||
| 245 |
_aFancy dress for kids : _bmore than 25 patterns for original costumes for boys and girls / |
||
| 260 |
_aGreat Britain : _bHamlyn, _c1995. |
||
| 300 |
_a95 p. : _bill. col. ; _c28 cm. |
||
| 521 | _acollege students | ||
| 526 | _c1210L-1700L | ||
| 541 | _j1 | ||
| 562 | _e1 | ||
| 942 |
_2lcc _cBK _kM |
||
| 999 |
_c16949 _d16949 |
||